00625nam a2200193Ia 4500008004100000020001800041082001400059100001900073245003900092250000800131260006400139300002900203500001900232600001500251650001500266942000700281952012600288999001700414240925s9999 xx 000 0 und d a9789699647055 a658.3 SAR aSardar, Faheem 0aCEO at 34: managing and succeeding a1st aLondon:bReed educational & professional publishingc,2017. aviii, 179p.b0fOriginal aIncludes Index aManagement aManagement cBK 001040708MANaUITUbUITUd2019-02-05eReading Booksg595.00l0o658.3 SARpQ14657r2024-09-25 07:17:23w0000-00-00yBK c17156d17156